MARC details
| 000 -LEADER |
| campo de control de longitud fija |
03935nam a2200565 i 4500 |
| 001 - NÚMERO DE CONTROL |
| campo de control |
194216 |
| 003 - IDENTIFICADOR DE NÚMERO DE CONTROL |
| campo de control |
ES-MaACL |
| 005 - FECHA Y HORA DE LA ÚLTIMA TRANSACCIÓN |
| campo de control |
20250826063155.0 |
| 007 - CAMPO FIJO DE DESCRIPCIÓN FÍSICA--INFORMACIÓN GENERAL |
| campo de control de longitud fija |
ta |
| 008 - DATOS DE LONGITUD FIJA--INFORMACIÓN GENERAL |
| campo de control de longitud fija |
240418s2023 sp 000 fdspa d |
| 017 ## - NÚMERO DE COPYRIGHT O DE DEPÓSITO LEGAL |
| Número de copyright o de depósito legal |
SE 1689-2023 |
| 020 ## - NÚMERO INTERNACIONAL ESTÁNDAR DEL LIBRO |
| Número Internacional Estándar del Libro |
9788419791740 |
| 035 ## - NÚMERO DE CONTROL DEL SISTEMA |
| Número de control de sistema |
Rebiun34671314 |
| 040 ## - FUENTE DE CATALOGACIÓN |
| Centro catalogador/agencia de origen |
BUS |
| Normas de descripción |
rda |
| Lengua de catalogación |
spa |
| Centro/agencia transcriptor |
ES-MaACL |
| 080 ## - NÚMERO DE LA CLASIFICACIÓN DECIMAL UNIVERSAL |
| Número de la Clasificación Decimal Universal |
070.421-055.2(4)"18/19" |
| 080 ## - NÚMERO DE LA CLASIFICACIÓN DECIMAL UNIVERSAL |
| Número de la Clasificación Decimal Universal |
305-055.2:070.421(4)"18/19" |
| 080 ## - NÚMERO DE LA CLASIFICACIÓN DECIMAL UNIVERSAL |
| Número de la Clasificación Decimal Universal |
929-055.2:070.421(4)"18/19" |
| 080 ## - NÚMERO DE LA CLASIFICACIÓN DECIMAL UNIVERSAL |
| Número de la Clasificación Decimal Universal |
39-055.2:070.421(4)"18/19" |
| 080 ## - NÚMERO DE LA CLASIFICACIÓN DECIMAL UNIVERSAL |
| Número de la Clasificación Decimal Universal |
316.663:316.346.2(4)"18/19" |
| 080 ## - NÚMERO DE LA CLASIFICACIÓN DECIMAL UNIVERSAL |
| Número de la Clasificación Decimal Universal |
316.663:316.346.2(460)"18/19" |
| 080 ## - NÚMERO DE LA CLASIFICACIÓN DECIMAL UNIVERSAL |
| Número de la Clasificación Decimal Universal |
316.7:070(4)"18/19" |
| 100 1# - ENTRADA PRINCIPAL--NOMBRE DE PERSONA |
| Nombre de persona |
Pecharromán, Carolina, |
| Fechas asociadas al nombre |
1969- |
| 9 (RLIN) |
235862 |
| Término indicativo de función/relación |
Autor |
| 245 14 - MENCIÓN DEL TÍTULO |
| Título |
Las primeras periodistas (1850-1931) : |
| Resto del título |
profesionalización y activismo en España, Francia y Reino Unido / |
| Mención de responsabilidad, etc. |
Carolina Pecharromán ; prólogo de Ana Bosch |
| 246 30 - FORMA VARIANTE DEL TITULO |
| Título propio/Titulo breve |
Profesionalización y activismo en España, Francia y Reino Unido |
| 264 #1 - PRODUCCIÓN, PUBLICACIÓN, DISTRIBUCIÓN, FABRICACIÓN Y COPYRIGHT |
| Producción, publicación, distribución, fabricación y copyright |
Sevilla : |
| Nombre del de productor, editor, distribuidor, fabricante |
Renacimiento, |
| Fecha de producción, publicación, distribución, fabricación o copyright |
[2023] |
| 264 #3 - PRODUCCIÓN, PUBLICACIÓN, DISTRIBUCIÓN, FABRICACIÓN Y COPYRIGHT |
| Fecha de producción, publicación, distribución, fabricación o copyright |
imp. 2023 |
| 264 #4 - PRODUCCIÓN, PUBLICACIÓN, DISTRIBUCIÓN, FABRICACIÓN Y COPYRIGHT |
| Fecha de producción, publicación, distribución, fabricación o copyright |
@ 2023 |
| 300 ## - DESCRIPCIÓN FÍSICA |
| Extensión |
372 páginas : |
| Otras características físicas |
ilustraciones ; |
| Dimensiones |
21 cm |
| 336 ## - TIPO DE CONTENIDO |
| Término de tipo de contenido |
Texto |
| Código de tipo de contenido |
txt |
| Fuente |
rdacontent |
| 337 ## - TIPO DE MEDIO |
| Nombre/término del tipo de medio |
sin mediación |
| Código del tipo de medio |
n |
| Fuente |
rdamedia |
| 338 ## - TIPO DE SOPORTE |
| Nombre/término del tipo de soporte |
volumen |
| Código del tipo de soporte |
nc |
| Fuente |
rdacarrier |
| 490 1# - MENCIÓN DE SERIE |
| Mención de serie |
Los cuatro vientos Renacimiento |
| Designación de volumen o secuencia |
230 |
| 500 ## - NOTA GENERAL |
| Nota general |
Catalogación provisional. N-9960. Depósito J |
| 500 ## - NOTA GENERAL |
| Nota general |
Adaptación de tesis de la autora (Tesis-UNAM, 2022), mención especial del Premio Clara Campoamor 2023, del Centro de Estudios Políticos y Constitucionales (CEPC) |
| 520 ## - RESUMEN, ETC. |
| Sumario, etc. |
Generaciones de periodistas han salido de la Universidad sin haber estudiado un nombre de mujer. Este libro quiere reivindicar a todas las que comenzaron a escribir en los periódicos cuando lo tenían todo en contra, esas periodistas olvidadas a las que no hemos empezado a conocer hasta hace poco. Además de figuras como Emilia Pardo Bazán o Carmen de Burgos, muchas otras como Matilde Cherner o Consuelo Álvarez Pool construyeron el camino para que el periodismo fuera una profesión para las mujeres y a utilizar su voz publicada en defensa de los derechos de todas. Las primeras periodistas recorre la apasionante historia de más de sesenta mujeres en España y otras tantas en Francia y Reino Unido –cunas de la revolución de las ideas y de la revolución de la economía– durante el siglo XIX hasta 1931. Pocas veces antes se habían comparado estas realidades. Más allá de mitos y simplificaciones, descubriremos a través de una investigación rigurosa que todas estas mujeres tenían en común más cosas de lo que pudiéramos creer. Su trabajo contra la discriminación y por una vida independiente y digna nos revelará además que hay luchas que llevan siglos encima de la mesa, como la que se opone a la violencia machista, y que los ataques contra el feminismo han cambiado poco en doscientos años. La historia de las pioneras españolas del periodismo en su marco europeo. Una visión nueva y amplia de las periodistas olvidadas, desde las libertarias a las conservadoras. |
| 650 07 - PUNTO DE ACCESO ADICIONAL DE MATERIA--TÉRMINO DE MATERIA |
| Término de materia o nombre geográfico como elemento de entrada |
Mujeres periodistas |
| Fuente del encabezamiento o término |
embne |
| 9 (RLIN) |
235863 |
| 650 07 - PUNTO DE ACCESO ADICIONAL DE MATERIA--TÉRMINO DE MATERIA |
| Término de materia o nombre geográfico como elemento de entrada |
Estudios sobre las mujeres |
| Fuente del encabezamiento o término |
embne |
| 9 (RLIN) |
233630 |
| 650 04 - PUNTO DE ACCESO ADICIONAL DE MATERIA--TÉRMINO DE MATERIA |
| Término de materia o nombre geográfico como elemento de entrada |
Periodismo- |
| Subdivisión de forma |
Historia |
| 9 (RLIN) |
15949 |
| 650 07 - PUNTO DE ACCESO ADICIONAL DE MATERIA--TÉRMINO DE MATERIA |
| Término de materia o nombre geográfico como elemento de entrada |
Mujeres periodistas- |
| Subdivisión geográfica |
España |
| 9 (RLIN) |
137797 |
| 650 07 - PUNTO DE ACCESO ADICIONAL DE MATERIA--TÉRMINO DE MATERIA |
| Término de materia o nombre geográfico como elemento de entrada |
Mujeres periodistas- |
| Subdivisión geográfica |
Francia. |
| 9 (RLIN) |
235865 |
| 650 07 - PUNTO DE ACCESO ADICIONAL DE MATERIA--TÉRMINO DE MATERIA |
| Término de materia o nombre geográfico como elemento de entrada |
Mujeres periodistas- |
| Subdivisión geográfica |
Gran Bretaña. |
| 9 (RLIN) |
235866 |
| 700 ## - ENTRADA AGREGADA--NOMBRE PERSONAL |
| Nombre de persona |
Bosch, Ana |
| Término indicativo de función/relación |
Autor de introducción |
| 9 (RLIN) |
238732 |
| 830 ## - PUNTO DE ACCESO ADICIONAL DE SERIE-TÍTULO UNIFORME |
| Título uniforme |
Los cuatro vientos Renacimiento ; |
| 9 (RLIN) |
235867 |
| Designación de volumen o secuencia |
230 |
| 852 ## - LOCALIZACIÓN |
| Ubicación |
Es-MaACL |
| Ubicación en estantería |
Depósito J |
| Número de control de estantería |
N-9960 |
| itemnumber |
201756 |
| Donativo/Legado |
Donación: Carolina Pecharromán |
| Anotaciones manuscritas |
Dedicatoria autógrafa de la autora |
| Encuadernación |
Encuadernación rústica con solapas |
| Nota libre |
En proceso |
| 942 ## - ELEMENTOS DE ENTRADA SECUNDARIOS (KOHA) |
| Suprimir en OPAC |
No |
| Tipo de ítem Koha |
Libro impreso |